书目信息 |
| 书名: | World politics | |
| 作者: | Jim Lindsay, editor. | |
| 分册号: | ||
| 分册名: | 出版地: | Boulder, CO : |
|
| 出版社: | CourseWise Pub | |
| 出版时间: | 1998. | |
| 页数: | 251 p. ; | |
| 开本: | 26cm. | |
| 丛书名: | Perspectives | |
| 中图分类号: | ||
| 科图分类号: | ||
| 其他分类号: | D5 | |
| 主题词: | ||
| 电子资源: | ||
| 000 | 00752nam a22002535a 450 | |
| 001 | E0763360044 | |
| 005 | 20070509173826.68 | |
| 008 | 980428s1998 cou 000 0 eng | |
| 010 | @a98070442 | |
| 020 | @a0395923689 (pbk.). | |
| 035 | @A(DLC) 98070442 | |
| 040 | @aDLC@cDLC | |
| 050 | 00 | @a98-- BOOK NOT IN LC |
| 090 | @aD5 | |
| 099 | @dD5@ex18 | |
| 245 | 00 | @aWorld politics / @cJim Lindsay, editor. |
| 260 | @aBoulder, CO :@bCourseWise Pub.,@c1998. | |
| 300 | @a251 p. ;@c26cm. | |
| 440 | 0 | @aPerspectives |
| 700 | @aJim Lindsay, editor. | |
| 906 | @a0@bibc@corignew@d2@eopcn@f19@gy-gencatlg | |
| 922 | @aad | |
| 955 | @apn09 04-28-98 | |
| 963 | @aLori Blosch (319-872-5795) CourseWise Publishing, 214 S River View Dr, Bellevue, IA, 52031-1354 | |
| World politics / / Jim Lindsay, editor.-Boulder, CO : : CourseWise Pub., , 1998. |
| 251 p. ; ; 26cm.- (Perspectives ) |
| ISBN 0395923689 (pbk.). |
| ● |
| 相关链接 |
|
|
|
|
正题名:World politics
索取号:D5/x18
 
预约/预借
| 序号 | 登录号 | 条形码 | 馆藏地/架位号 | 状态 | 备注 |
| 1 | 8039 | 300080392 | 第二样本阅览室/ [索取号:D5/x18] | 在馆 | |
| 2 | 8040 | 300080409 | 第四借阅区/ [索取号:D5/x18] | 在馆 | |
| 3 | 8041 | 300080418 | 第四借阅区/ [索取号:D5/x18] | 在馆 |